000 00563nam a22001817a 4500
999 _c525668
_d525668
003 NUST
005 20190703134532.0
020 _c(Hbk)
038 _aM. Shaban
082 _a891.421092
_bRUB
100 _aDr. Robina Treen
_916604
245 _aShah Shamas Sabzwari swanah hayat aor asar /
_cDr. Robina Treen
260 _aMultan :
_bBahodin Zakria University,
_c2007.
300 _a200 p. ;
880 _6100-01\r
_aڈاکٹر روبینہ ترین
880 _6245-02\r
_aشاہ شمس سبزواری سوانح حیات اور آثار /
942 _2ddc
_cBK